| 000 | 00856nam a22002057a 4500 | ||
|---|---|---|---|
| 005 | 20110802162757.0 | ||
| 010 | _aB-427577 | ||
| 020 |
_a8188965138 _c250.00 |
||
| 035 | _aB-427577 | ||
| 082 | _aN | ||
| 100 | 0 |
_aQurratulÊ»ain H̀£aidar, _931576 |
|
| 245 | 1 | 0 |
_aMy temples, too : _ba novel / _cQurratulain Hyder ; translated by the author from the original Urdu, Mere bhi sanamkhane. |
| 260 |
_aNew Delhi : _bWomen Unlimited, _cc2004. |
||
| 270 |
_aK-36, Hauzkhas _bNew Delhi _e110016 |
||
| 300 |
_avi, 182 p. ; _c23 cm. (Pbk) |
||
| 500 | _aNovel. | ||
| 942 |
_2ddc _cEN _hN _mQUR |
||
| 999 |
_c54731 _d54731 |
||